Optimalizácia vykurovacích, vetracích a klimatizačných zariadení 2 zborník
Uložené v:
| Médium: | Kniha |
|---|---|
| Jazyk: | Slovak |
| Vydavateľské údaje: |
Bratislava
Dom techniky ČSVTS
1979
|
| Tagy: |
Žiadne tagy, Buďte prvý, kto otaguje tento záznam!
|
MARC
| LEADER | 00000nam a2200000 4500 | ||
|---|---|---|---|
| 001 | 0221995 | ||
| 005 | 20250728111101.8 | ||
| 041 | 0 | |a slo | |
| 044 | |a SK | ||
| 245 | 1 | 0 | |a Optimalizácia vykurovacích, vetracích a klimatizačných zariadení 2 |b zborník |
| 264 | 1 | |a Bratislava |b Dom techniky ČSVTS |c 1979 | |
| 300 | |a s. 245-355 | ||